00589nam a2200193Ia 4500003000500000008004100005020002200046040001900068082000700087100001900094245004700113260004500160300001000205365000800215546001200223942001900235999001700254952012400271STCL230726s9999 xx 000 0 und d a9789356290082qHB aSTCLcSTCLbEN 222 aNath, Ipshitha 0aMemsahibs: British women in colonial India bHarper Collins PublishersaHaryanac2022 a325 p b699 aEnglish 2DDCe22cBKDDC c89377d89377 00102DDC4070aSTCALbSTCALcGENd2023-07-26l1o305.42 NAT-Mp98391r2024-08-23 00:00:00s2024-08-07w2023-07-26yBK